Les ecrivains moirs de langue francaise (naissance d´une literature)
Shranjeno v:
| Glavni avtor: | |
|---|---|
| Format: | Knjiga |
| Jezik: | Undetermined |
| Izdano: |
Belgique
Universite de Bruxelles
1977
|
| Teme: | |
| Oznake: |
Označite
Brez oznak, prvi označite!
|
MARC
| LEADER | 00000nam a2200000Ia 4500 | ||
|---|---|---|---|
| 008 | 170316s9999 xx 000 0 und d | ||
| 090 | |a 801 K-4e | ||
| 100 | |a Kesteloot, Lilyan | ||
| 245 | |a Les ecrivains moirs de langue francaise (naissance d´une literature) | ||
| 260 | |a Belgique | ||
| 260 | |b Universite de Bruxelles | ||
| 260 | |c 1977 | ||
| 300 | |a 340 páginas | ||
| 650 | |a TEORÍA LITERARIA | ||
| 650 | |a LITERATURA - HAITI | ||
| 650 | |a SURREALISMO | ||
| 650 | |a COMUNISMO | ||
| 650 | |a PROBLEMAS RACIALES | ||
| 650 | |a LITERATURA ANTILLANA | ||
| 650 | |a HISTORIA | ||
| 650 | |a LENGUA FRANCESA | ||
| 650 | |a LITERATURA NEGRO-AFRICANA | ||
| 999 | |c 20395 |d 20395 | ||
| 040 | |a cru BVZT | ||
| 942 | |c 15 D |h 801 K-4e |2 z | ||
